| 000 | 00309nam a22001217a 4500 | ||
|---|---|---|---|
| 020 | _a9812358668 | ||
| 082 |
_222 _a620.006819 |
||
| 100 | _aMazda, Fraidoon. | ||
| 245 | _aEngineering management / | ||
| 260 |
_aNew Delhi, _bPearson Education, _cc2000. |
||
| 300 |
_axvi, 658p. ; _bill. ; _c23 cm. |
||
| 942 |
_2ddc _cMAG _03 |
||
| 999 |
_c36 _d36 |
||